The "Nationality" question in the Soviet Union
Αποθηκεύτηκε σε:
| Άλλοι συγγραφείς: | |
|---|---|
| Μορφή: | Βιβλίο |
| Γλώσσα: | English |
| Δημοσίευση: |
New York :
Garland ,
1992
|
| Σειρά: | Articles on Russian and Soviet history 1500-1991 ;
; 11 |
| Θέματα: | |
| Ετικέτες: |
Προσθήκη ετικέτας
Δεν υπάρχουν, Καταχωρήστε ετικέτα πρώτοι!
|
MARC
| LEADER | 00000nam a2200000 i 4500 | ||
|---|---|---|---|
| 001 | 1/62721 | ||
| 008 | 930921s eng d | ||
| 020 | |a 0-8153-0568-0 | ||
| 035 | |a ΛΕΣΒΟΣb10001090 |l 10001090 | ||
| 040 | |a GR-MY-UA |b gre |e aacr | ||
| 041 | 0 | |a eng | |
| 082 | 0 | |a 305.800947 | |
| 245 | 1 | 4 | |a The "Nationality" question in the Soviet Union / |c Edited with an introduction by Gail W. Lapidus |
| 260 | |a New York : |b Garland , |c 1992 | ||
| 300 | |a 354 p.; |c 23,50 cm. | ||
| 490 | 1 | |a Articles on Russian and Soviet history 1500-1991 |v ; 11 | |
| 504 | |a Includes bibliographical references | ||
| 650 | 0 | 0 | |a Minorities |z Soviet Union. |
| 650 | 0 | 0 | |a Nationalism |z Soviet Union. |
| 651 | 0 | |a Soviet Union |x Ethnic relations. | |
| 700 | 1 | |a Lapidus, Gail Warshofsky. |4 edt | |
| 830 | 0 | |a Articles on Russian and Soviet history 1500-1991 ; |v ; 11 | |
| 852 | |a INST |b LESVOS |e 19930921 |h 305.800947 NAT |p 005100010057 |q 005100010057 |t BK |y 0 | ||
| 909 | |a Λ |b 028636 | ||